000 00705nam a22001815i 4500
001 154018
003 ES-MaACL
005 20250724074708.0
008 040831s1849 sp |||| | spa d
040 _aCAM
_bspa
_cCAM
100 1 _aFatjó y Bartra, Pedro.
_948930
245 1 0 _aTeoria de la aritmética
_b: enseñada por sus verdaderos principios /
_cpor Pedro Fatjó y Bartra.
260 _aBarcelona :
_b[s.n.],
_c1849 (
_fImprenta y litografia de Torras y Corominas)
300 _a69 p. ;
_c15 cm.
650 7 _aAritmética
_2embne
_99963
852 _aES-MaACL
_jT-1304-F-5
_z-- Enc. hol.
_z-- Donativo Bosch
_q-- Falto de la cub. original
_z-- Enc. en un vol. facticio
999 _c154018
_d154018